| 000 | 00938nam a2200265 i 4500 | ||
|---|---|---|---|
| 001 | 146510 | ||
| 003 | ES-MaACL | ||
| 005 | 20250828090943.0 | ||
| 007 | t| | ||
| 008 | 070910s1941 sp ||||1| spa d | ||
| 080 | _a236.1/.7 | ||
| 080 | _a237 | ||
| 100 | 1 |
_aTóth, Tihamér. _9111109 |
|
| 245 | 1 | 0 |
_aCreo en la vida perdurable / _cMonseñor Tihamér Tóth, obispo de Veszprém (Hungría) ; [traducido del original húngaro por D. Antonio Sancho]. |
| 260 |
_aMadrid : _bSociedad de Educación Atenas, _c[1941] |
||
| 300 |
_a208 p. ; _c25 cm. |
||
| 490 | 1 |
_aRazonemos nuestra fe ; _v7 |
|
| 505 | 8 | _aContiene: La vida eterna ; La muerte ; El purgatorio ; El infierno ; El cielo | |
| 650 | 4 |
_aEscatología. _912349 |
|
| 650 | 7 |
_aVida futura _2embne _917794 |
|
| 710 | 2 |
_aSociedad de Educación Atenas _96665 |
|
| 830 | 1 |
_aRazonemos nuestra fe ; _v7 _9182561 |
|
| 852 |
_aES-MaACL _jF-15457 |
||
| 999 |
_c146510 _d146510 |
||